Top 20 Biggest Countries (Area) - Statistics

General Stats
  • This quiz has been taken 45 times
  • The average score is 16 of 19
Answer Stats
# Answer % Correct
#1 Russia
100%
#5 Brazil
98%
#3 China / United States of America
98%
#8 Argentina
95%
#6 Australia
95%
#2 Canada
95%
#7 India
91%
#11 Democratic Republic of the Congo
88%
#13 Mexico
88%
#10 Algeria
86%
#9 Kazakhstan
81%
#12 Saudi Arabia
81%
#14 Indonesia
79%
#17 Iran
79%
#18 Mongolia
77%
#16 Libya
70%
#15 Sudan
70%
#20 Chad
63%
#19 Peru
53%
No matching quizzes found
Score Distribution
Percent of People with Each Score
Percentile by Number Answered
Your Score History
You have not taken this quiz